| 000 | 00645cam a2200229 4500500 | ||
|---|---|---|---|
| 005 | 20260405003603.0 | ||
| 041 | _afre | ||
| 042 | _adc | ||
| 100 | 1 | 0 |
_aNathan, Tobie _eauthor |
| 245 | 0 | 0 | _aCartes de visite à QR Code. Le grand sceau |
| 260 | _c2022. | ||
| 500 | _a4 | ||
| 690 | _aAnimisme | ||
| 690 | _aAsie | ||
| 690 | _aEntreprise | ||
| 690 | _aIdentité | ||
| 690 | _aQR-Code | ||
| 690 | _aTobie Nathan | ||
| 690 | _aVente | ||
| 786 | 0 | _nPhilosophie magazine | 163 | 10 | 2022-10-01 | p. 17-17 | 1951-1787 | |
| 856 | 4 | 1 | _uhttps://shs.cairn.info/magazine-philosophie-magazine-2022-10-page-17?lang=fr&redirect-ssocas=7080 |
| 999 |
_c2069014 _d2069014 |
||